Surgencias en la costa norte de Chile durante las temporadas Niña 1996-1997 y Niño 1997-1998 /

La investigación realizada muestra la localización y comportamiento espacio-temporal de los focos de surgencia presentes en el borde litoral del Norte de Chile, en la zona comprendida entre los 70˚ y 71˚ Longitud Oeste, y los 18˚ y 24˚ latitud sur. El estudio se efectuó a través de la observación y...

Descripción completa

Detalles Bibliográficos
Autor principal: Barahona J., Macarena
Otros Autores: Gallegos C., Rocío
Formato: Analitica de revista
Lenguaje:español
Publicado: Santiago, Chile Pontificia Universidad Católica de Chile 2000

MARC

LEADER 00000cab a2200000 a 4500
001 040555
003 UAHC_CL
005 20170803124455.0
008 051006b xx j 000 1 spa
040 |a UAHC_CL  |c UAHC_CL  |d UAHC_CL 
100 1 |a Barahona J., Macarena 
245 1 0 |a Surgencias en la costa norte de Chile durante las temporadas Niña 1996-1997 y Niño 1997-1998 /  |c Macarena Barahona J., Rocío Gallegos C. 
260 |b Pontificia Universidad Católica de Chile  |c 2000  |a Santiago, Chile 
300 |a pp. 53-60 
500 |a En: Revista de geografía norte grande, n˚27, 2000. pp.53-60. ISSN 0379-8682 
500 |a En: Revista de geografía norte grande, n°27, 2000. pp.53-60. ISSN 0379-8682 
500 |a En: Revista de geografÌa norte grande, nç27, 2000. pp.53-60. ISSN 0379-8682 
520 |a La investigación realizada muestra la localización y comportamiento espacio-temporal de los focos de surgencia presentes en el borde litoral del Norte de Chile, en la zona comprendida entre los 70˚ y 71˚ Longitud Oeste, y los 18˚ y 24˚ latitud sur. El estudio se efectuó a través de la observación y análisis de imágenes de satélite que señalan la Temperatura Superficial del Mar (TSM) en el área, durante dos años consecutivos, los cuales presentaron condiciones océano-atmosféricas opuestas que corresponden al desarrollo de un evento frío "La Niña 1996-97" y a un evento cálido "El Niño 1997-98" 
520 |a La investigación realizada muestra la localización y comportamiento espacio-temporal de los focos de surgencia presentes en el borde litoral del Norte de Chile, en la zona comprendida entre los 70° y 71° Longitud Oeste, y los 18° y 24° latitud sur. El estudio se efectuó a través de la observación y análisis de imágenes de satélite que señalan la Temperatura Superficial del Mar (TSM) en el área, durante dos años consecutivos, los cuales presentaron condiciones océano-atmosféricas opuestas que corresponden al desarrollo de un evento frío "La Niña 1996-97" y a un evento cálido "El Niño 1997-98" 
520 |a La investigaciÛn realizada muestra la localizaciÛn y comportamiento espacio-temporal de los focos de surgencia presentes en el borde litoral del Norte de Chile, en la zona comprendida entre los 70ç y 71ç Longitud Oeste, y los 18ç y 24ç latitud sur. El estudio se efectuÛ a travÈs de la observaciÛn y an·lisis de im·genes de satÈlite que seÒalan la Temperatura Superficial del Mar (TSM) en el ·rea, durante dos aÒos consecutivos, los cuales presentaron condiciones ocÈano-atmosfÈricas opuestas que corresponden al desarrollo de un evento frÌo "La NiÒa 1996-97" y a un evento c·lido "El NiÒo 1997-98" 
700 1 |a Gallegos C., Rocío 
700 1 |a Gallegos C., Rocío 
759 |a PP115 
773 0 |t Revista de geografía norte grande  |w 040513 
900 |a REV. GEOGR. NORTE GD.-27/00 
942 |c REVA 
952 |0 0  |1 0  |4 0  |6 REV___GEOGR__NORTE_GD_27_00_000000000000000  |7 0  |8 General  |9 76320  |a BC  |b BC  |c General  |d 2017-08-03  |l 0  |o REV. GEOGR. NORTE GD.-27/00  |p FICTICIO6303  |r 2019-01-08 00:00:00  |t 1  |w 2017-08-03  |y REVA 
999 |c 40555  |d 40555